Atomic and nuclear physics: an introduction in S. I. units (Record no. 25024)

MARC details
000 -LEADER
fixed length control field 00501nam a2200169 4500
082 ## - DEWEY DECIMAL CLASSIFICATION NUMBER
Classification number 539.7
Item number LIT
100 ## - MAIN ENTRY--PERSONAL NAME
Personal name Littlefield, T. A.
245 ## - TITLE STATEMENT
Title Atomic and nuclear physics: an introduction in S. I. units
Statement of responsibility, etc. by T. A. Littlefield and N. Thorley
250 ## - EDITION STATEMENT
Edition statement 2nd ed.
260 ## - PUBLICATION, DISTRIBUTION, ETC.
Place of publication, distribution, etc. London
Name of publisher, distributor, etc. Van Nostrand Reinhold
Date of publication, distribution, etc. c1968
300 ## - PHYSICAL DESCRIPTION
Extent viii,476p.; 22cm.
500 ## - GENERAL NOTE
General note E.L.B.S. edition
650 ## - SUBJECT ADDED ENTRY--TOPICAL TERM
Topical term or geographic name entry element Nuclear physics
650 ## - SUBJECT ADDED ENTRY--TOPICAL TERM
Topical term or geographic name entry element Atoms
650 ## - SUBJECT ADDED ENTRY--TOPICAL TERM
Topical term or geographic name entry element Particles (Nuclear physics)
710 ## - ADDED ENTRY--CORPORATE NAME
Corporate name or jurisdiction name as entry element Thorley, N.
Holdings
Withdrawn status Lost status Damaged status Not for loan Collection code Home library Current library Date acquired Total Checkouts Full call number Barcode Date last seen Copy number Price effective from Koha item type Date last checked out
          North Eastern Hill University North Eastern Hill University 24/11/2011   539.7 LIT 38021 24/11/2011 ,1 24/11/2011 Books  
          North Eastern Hill University North Eastern Hill University 24/11/2011   539.7 LIT C5277 24/11/2011 ,1;1 24/11/2011 Books  
          North Eastern Hill University North Eastern Hill University 24/11/2011 1 539.7 LIT 223477 27/10/2015   24/11/2011 Books 27/10/2015
          North Eastern Hill University North Eastern Hill University 24/11/2011 1 539.7 LIT 223478 11/09/2020 ;1 24/11/2011 Books 25/09/2014